| 000 | 00687nam a2200193 i 4500 | ||
|---|---|---|---|
| 001 | 66993 | ||
| 003 | ES-MaACL | ||
| 005 | 20230906165925.0 | ||
| 007 | t| | ||
| 008 | 040429s2000 sp ||||1| spa d | ||
| 080 | _a946.0"1936/39" | ||
| 080 | _a929 Azcárate García de Lomas, Tomás de | ||
| 245 | 0 | 0 |
_aTomás de Azcárate García de Lomas, capitán de fragata _b: su muerte por fin esclarecida. |
| 260 |
_aSan Fernando (Cádiz) : _b[s.n.], _c2000. |
||
| 300 |
_a87 p., [16] p. de lám. ; _c23 cm. |
||
| 600 | 1 | 4 |
_aAzcárate García de Lomas, Tomás de- _xBiografías. _924253 |
| 651 | 4 |
_aEspaña- _xHistoria- _y1936-1939, Guerra civil. _98292 |
|
| 852 |
_aES-MaACL _jL-27478 _bR.133249 |
||
| 999 |
_c66993 _d66993 |
||